Fundamentals of Investments (Record no. 3192)

MARC details
000 -LEADER
fixed length control field 00415nam a22001697a 4500
005 - DATE AND TIME OF LATEST TRANSACTION
control field 20180312143445.0
008 - FIXED-LENGTH DATA ELEMENTS--GENERAL INFORMATION
fixed length control field 160620b xxu||||| |||| 00| 0 eng d
020 ## - INTERNATIONAL STANDARD BOOK NUMBER
ISBN 978-81-203-203-2127-7
041 ## - LANGUAGE CODE
Language code of text/sound track or separate title eng
082 ## - DEWEY DECIMAL CLASSIFICATION NUMBER
Item number 8350
Classification number 332.6
100 ## - MAIN ENTRY--AUTHOR NAME
Personal name Alexander, Gorden J and others
245 ## - TITLE STATEMENT
Title Fundamentals of Investments
260 ## - PUBLICATION, DISTRIBUTION, ETC. (IMPRINT)
Name of publisher PHI
Year of publication 2007
300 ## - PHYSICAL DESCRIPTION
Number of Pages 691
650 ## - SUBJECT ADDED ENTRY--TOPICAL TERM
Topical Term Management
942 ## - ADDED ENTRY ELEMENTS (KOHA)
Koha item type Books
Holdings
Lost status Damaged status Collection code Home library Current library Shelving location Date acquired Cost, normal purchase price Full call number Accession Number Koha item type
    MANAGEMENT JRU Library JRU Library SHELF-64-B 20/06/2016 425.00 332.6 8350 Books
    MANAGEMENT JRU Library JRU Library SHELF-59-D 20/06/2016 425.00 332.6 8351 Books
    MANAGEMENT JRU Library JRU Library SHELF-59-D 20/06/2016 425.00 332.6 8352 Books
    MANAGEMENT JRU Library JRU Library SHELF-59-D 20/06/2016 425.00 332.6 8353 Books
    MANAGEMENT JRU Library JRU Library SHELF-59-D 20/06/2016 425.00 332.6 8354 Books